Korean Red List of Threatened Species: (Registro nro. 20525)
[ vista simple ]
| 000 -CABECERA | |
|---|---|
| Campo de control | 00727nam a22002297a 4500 |
| 005 - FECHA Y HORA DE LA ULTIMA TRANSACCION | |
| Campo de control | 20191028121154.0 |
| 008 - ELEMENTOS DE LONGITUD FIJA—INFORMACION GENERAL | |
| Campo de control | 191028b xxu||||| |||| 00| 0 spa d |
| 020 ## - ISBN | |
| ISBN | 9788997462452 |
| 040 ## - FUENTE DE CATALOGACIÓN | |
| Agencia catalogadora original | CO-BoIAVH |
| Agencia transcriptora | CO-BoIAVH |
| 041 ## - IDIOMA | |
| Código de idioma para texto/pista de sonido o título separado | Inglés |
| 041 ## - IDIOMA | |
| Código de idioma para texto/pista de sonido o título separado | Koreano |
| 044 ## - PAÍS DE PUBLICACIÓN | |
| País de publicación | Corea (Sur) |
| 082 ## - NUMERO DE CLASIFICACION DECIMAL DEWEY | |
| Número de clasificación | 577.076 |
| Número del ítem | Ah61k |
| 100 ## - ASIENTO PRINCIPAL--NOMBRE PERSONAL | |
| 9 (RLIN) | 101772 |
| Nombre personal | Ahn, Yeon-Soon |
| 245 ## - MENCION DE TITULO | |
| Título | Korean Red List of Threatened Species: |
| Parte restante del título | Mammals, birds, reptiles, amphibians, fishes and vascular plants. |
| 260 ## - PUBLICACION, DISTRIBUCION, ETC. (PIE DE IMPRENTA) | |
| Lugar de publicación, distribución, etc. | Incheon: |
| Nombre del editor, distribuidor, etc. | National Institute of Biological Resources, |
| Fecha de publicación, distribución, etc. | 2012. |
| 300 ## - DESCRIPCION FISICA | |
| Extensión | 111 Páginas: |
| Dimensiones | 21 x 15 cm. |
| 650 #0 - ASIENTO SECUNDARIO DE MATERIA - TERMINO TEMATICO | |
| 9 (RLIN) | 101774 |
| Término temático o nombre geográfico como elemento de entrada | Biodiversidad |
| Subdivisión geográfica | Corea |
| 650 #0 - ASIENTO SECUNDARIO DE MATERIA - TERMINO TEMATICO | |
| 9 (RLIN) | 5364 |
| Término temático o nombre geográfico como elemento de entrada | Flora y Fauna |
| 650 #0 - ASIENTO SECUNDARIO DE MATERIA - TERMINO TEMATICO | |
| 9 (RLIN) | 157 |
| Término temático o nombre geográfico como elemento de entrada | Especies amenazadas |
| 942 ## - ELEMENTOS ADICIONALES (KOHA) | |
| Sistema de clasificación | Dewey Decimal Classification |
| Tipo de ítem | Libro |
| Withdrawn status | Lost status | Sistema de Clasificación | Damaged status | No para préstamo | Colección | Ubicación Permanente | Ubicación actual | Fecha de adquisición | Total Checkouts | Número topográfico | Inventario / Código de Barras | Date last seen | Ejemplar | Price effective from | Forma de adquisición | Tipo de material |
|---|---|---|---|---|---|---|---|---|---|---|---|---|---|---|---|---|
| Dewey Decimal Classification | General | Bogotá | Bogotá | 28/10/2019 | LB-577.076 Ah61k | 034595 | 28/10/2019 | Ej.1 | 28/10/2019 | Canje | Libro |